| 000 | 01042nam a22003257a 4500 | ||
|---|---|---|---|
| 999 |
_c20529 _d20529 |
||
| 005 | 20191029065641.0 | ||
| 008 | 191029b xxu||||| |||| 00| 0 spa d | ||
| 020 | _a9788968112560 | ||
| 040 |
_aCO-BoIAVH _cCO-BoIAVH |
||
| 041 | _aeng | ||
| 044 | _ako | ||
| 082 |
_a333.9507 _bL51b |
||
| 100 | 1 | _aLee, Woo-Shin | |
| 245 | _aBiodiversity of Natma Taung National Park, Myanmar. | ||
| 260 |
_aIncheon: _bNational Institute of Biological Resources, _c2016. |
||
| 300 |
_a288 Páginas: _bFotografías, _c22 x 15 cm. |
||
| 650 | 0 |
_aParque nacional _vMyanmar _zCorea |
|
| 650 | 0 | _aBiodiversidad | |
| 650 | 0 | _aConservación de los recursos naturales | |
| 700 | _aBaek, Woonsuk | ||
| 700 | _aSuh, Min-Hwan | ||
| 700 | _aOh, Kyung-Hee | ||
| 700 | _aKang, Jae-Shin | ||
| 700 | _aLee, Jaeho | ||
| 700 | _aJeon, Mi-Jeong | ||
| 700 | _aKyaw, Nyi Nyi | ||
| 700 | _aThaw, Win Naing | ||
| 700 | _aTun, Naing Zaw | ||
| 942 |
_2ddc _cLIBRO |
||